Villes d'Ariège (09) - Mort subite - Statistiques

Statistiques générales
  • Ce quiz a été pris 85 fois
  • Le résultat moyen est 9 sur 20
Answers on the Grid
Answers color-coded by a green-red scale on the quiz's grid according to % correct below.
Foix
Saint-Girons
Pamiers
Mirepoix
Lavelanet
Saverdun
Sainte-Croix-Volvestre
Lézat-sur-Lèze
Mazères
Varilhes
Ax-les-Thermes
L'Hospitalet-près-l'Andorre
Auzat
Le Mas-d'Azil
Laroque-d'Olmes
Tarascon-sur-Ariège
Verniolle
Saint-Jean-de-Verges
Daumazan-sur-Arize
Camon
Belpech
Bagnères-de-Luchon
Porté-Puymorens
Quillan
Auterive
Mirande
Castres
Limoux
Tautavel
Montréjeau
 
Statistiques - réponses
Réponse % Correct
Foix
76%
Pamiers
70%
Mirepoix
62%
Ax-les-Thermes
60%
Tarascon-sur-Ariège
58%
L'Hospitalet-près-l'Andorre
56%
Lavelanet
54%
Saint-Girons
54%
Mazères
46%
Saverdun
46%
Varilhes
46%
Le Mas-d'Azil
44%
Auzat
42%
Lézat-sur-Lèze
40%
Laroque-d'Olmes
38%
Saint-Jean-de-Verges
38%
Verniolle
38%
Daumazan-sur-Arize
32%
Camon
26%
Sainte-Croix-Volvestre
20%
Aucun quiz correspondant
Distribution des résultats
% des personnes avec chaque résultat
Percentile par nombre de réponses
Votre historique - résultats
Vous n’avez pas pris ce quiz